Polyuretany

Gespeichert in:
Bibliographische Detailangaben
1. Verfasser: Dombrow, Bernard A.
Weitere Verfasser: Stoy, Artur
Format: Buch
Sprache:Tschechisch
Veröffentlicht: Praha Státní nakladatelství technické literatury 1961
Tags: Tag hinzufügen
Keine Tags, Fügen Sie das erste Tag hinzu!

MARC

LEADER 00000nam a2200000 4500
001 c122568
005 20221207070251.4
041 0 |a cze 
044 |a CZ 
245 1 0 |a Polyuretany  |c Bernard A. Dombrow ; [Z angl. prel. Artur Stoy] 
264 1 |a Praha  |b Státní nakladatelství technické literatury  |c 1961 
300 |a 132 s. 
100 1 |a Dombrow, Bernard A. 
700 1 |a Stoy, Artur